000 00403cam a22001217a 4500
008 180718b1991 xxu||||| |||| 00| 0 eng d
082 _aAPPPA 90-91 BAL
100 _aBalasubramanian, Padma
245 _aMarketing management in post office
_cby Padma Balasubramanian
260 _aNew Delhi
_bIndian Institute of Public Administration
_c1991
300 _av.p.
650 _aMarketing management-Post office
999 _c501552
_d501552